Countries of the Soviet Union - Sudden Death - Statistics

General Stats
  • This quiz has been taken 706 times
  • The average score is 10 of 15
Answers on the Grid
Answers color-coded by a green-red scale on the quiz's grid according to % correct below.
Afghanistan
Armenia
Azerbaijan
Belarus
Bulgaria
China
East Germany
Estonia
Finland
Georgia
Hungary
Iran
Kazakhstan
Kyrgyzstan
Latvia
Lithuania
Moldova
Mongolia
North Korea
Norway
Pakistan
Poland
Romania
Russia
Slovakia
Tajikistan
Turkey
Turkmenistan
Ukraine
Uzbekistan
 
Answer Stats
Answer % Correct
Belarus
84%
Azerbaijan
79%
Armenia
76%
Estonia
71%
Russia
67%
Kazakhstan
66%
Ukraine
66%
Kyrgyzstan
65%
Lithuania
65%
Georgia
64%
Latvia
64%
Uzbekistan
63%
Tajikistan
62%
Turkmenistan
61%
Moldova
59%
No matching quizzes found
Score Distribution
Percent of People with Each Score
Percentile by Number Answered
Your Score History
You have not taken this quiz